000 00948nam a2200277 i 4500
003 EG-GICUC
005 20260418192437.0
008 260418s1995 fr |||fr|||| 00| 0 fre d
040 _aEG-GiCUC
_bfre
_cEG-GiCUC
_dEG-GiCUC
_eRda
082 0 4 _221
_a343.655
_bRA . I
092 0 4 _221
099 _aLaw1 10 343.655 RA . I 1995
100 1 _aRassat, Michèle-Laure
_eAuteur
245 1 4 _aLes Infractions Contre Les Biens Et Les Personnes Dans Le Nouveau Code Pénal /
_cMichèle-Laure Rassat.
264 1 _aParis :
_bDalloz,
_c1995.
300 _aVii - Viii 670 page :
_billustration ;
_c 24 cm.
336 _2rda contenu
_a texte
337 _2rda medias
_aOrdinateur
338 _2 transporteur rda
_a Ressource en ligne
650 1 _aCrimes Contre La Propriété
_2qrmak
650 1 _aDroit De Pénal
_vqrmak
651 1 _2qrmak
856 4 0 _uhttps://fll.law.cu.edu.eg/fulltext/bks/B10-09983.pdf
905 _a54
942 _2ddc
_cBK
_e21
_n0
999 _c71697
_d71697